Statistics for Oldest NASCAR Tracks

Click here to take the quiz!

General Stats

  • This quiz has been taken 7 times
  • The average score is 3 of 5

Answer Stats

HintAnswer% Correct
This track ovals is known as the PaperclipMartinsville Speedway
100%
Trevor Bayne won at this track at the age of 20 years old. The youngest driver to win at this track.Daytona International Speedway
86%
This track is known as "the track too tough to tame"Darlington Raceway
71%
This track is a D shaped ovalRichmond Raceway
14%
This track shape is a shape of a BootWatkins Glen International
14%

Score Distribution

Percentile by Number Answered

Percent of People with Each Score

Your Score History

You have not taken this quiz